Tratado elemental de fisiología humana (Record no. 157000)

MARC details
000 -LEADER
campo de control de longitud fija 01152nam a22002415i 4500
001 - NÚMERO DE CONTROL
campo de control 157000
003 - IDENTIFICADOR DE NÚMERO DE CONTROL
campo de control ES-MaACL
005 - FECHA Y HORA DE LA ÚLTIMA TRANSACCIÓN
campo de control 20250626063203.0
008 - DATOS DE LONGITUD FIJA--INFORMACIÓN GENERAL
campo de control de longitud fija 980331s1894 sp a |||| | spa d
040 ## - FUENTE DE CATALOGACIÓN
Centro catalogador/agencia de origen CYL
Lengua de catalogación spa
Centro/agencia transcriptor CCPB
100 1# - ENTRADA PRINCIPAL--NOMBRE DE PERSONA
Nombre de persona Landois, Leonard,
Fechas asociadas al nombre 1837-
9 (RLIN) 128657
245 10 - MENCIÓN DEL TÍTULO
Título Tratado elemental de fisiología humana
Resto del título : incluyendo la histología y la anatomía microscópica y con aplicación especial a la práctica médica /
Mención de responsabilidad, etc. por L. Landois ; traducido de la octava ed. alemana por Rafael del Valle y Aldabalde.
260 ## - PUBLICACIÓN, DISTRIBUCIÓN, ETC.
Lugar de publicación, distribución, etc. Madrid :
Nombre del editor, distribuidor, etc. Administración de la Revista de Medicina y Cirugía Prácticas,
Fecha de publicación, distribución, etc. 1894 (
Fabricante Imp. y librería de Nicolás Moya)
300 ## - DESCRIPCIÓN FÍSICA
Extensión 2 v. :
Otras características físicas il. ;
Dimensiones 25 cm.
490 1# - MENCIÓN DE SERIE
Mención de serie Biblioteca económica de la Revista de Medicina y Cirugía Prácticas
597 ## - NOTA DE DESCRIPCIÓN FÍSICA
NOTA DE DESCRIPCIÓN FÍSICA Antep.
597 ## - NOTA DE DESCRIPCIÓN FÍSICA
NOTA DE DESCRIPCIÓN FÍSICA Vol. 1 (VIII, 663 p.) -- vol. 2 (580 p.)
650 #4 - PUNTO DE ACCESO ADICIONAL DE MATERIA--TÉRMINO DE MATERIA
Término de materia o nombre geográfico como elemento de entrada Fisiología humana.
9 (RLIN) 12890
700 0# - ENTRADA AGREGADA--NOMBRE PERSONAL
Nombre de persona Valle y Aldabalde, Rafael del.
9 (RLIN) 112820
830 0# - PUNTO DE ACCESO ADICIONAL DE SERIE-TÍTULO UNIFORME
Título uniforme Biblioteca económica de la Revista de Medicina y Cirugía Prácticas
9 (RLIN) 182251
852 ## - LOCALIZACIÓN
Ubicación ES-MaACL
Número de control de estantería B-10866-67
Nota libre -- Enc. pasta española
Holdings
Estatus retirado Estado de pérdida Estado de daño No para préstamo Colección Biblioteca de origen Biblioteca actual Ubicación en estantería Fecha de adquisición Total de préstamos Signatura topográfica completa Código de barras Visto por última vez Precio de reemplazo Tipo de ítem Koha
        Libros del s. XIX Biblioteca del Ateneo de Madrid Biblioteca del Ateneo de Madrid Sala Pardo Bazán 17/01/2008   B-10866-67 1164266 23/02/2023 23/02/2023 Libro impreso antiguo